| 000 | 00620nam a2200205 i 4500 | ||
|---|---|---|---|
| 001 | 187842 | ||
| 003 | ES-MaACL | ||
| 005 | 20260617165151.0 | ||
| 007 | t| | ||
| 008 | 180315s1971 sp ||||1| spa d | ||
| 100 | 0 |
_aDezzi Bardeschi, Marco. _944065 |
|
| 245 | 1 | 0 |
_aFrank Lloyd Wright / _cMarco Dezzi Bardeschi. |
| 260 |
_aBarcelona : _bNauta, _c1971. |
||
| 300 |
_a95 p., 44 lám. col. : _bil. ; _c32 cm. |
||
| 490 | 1 | _aGrandes maestros del siglo XX | |
| 600 | 1 | 7 |
_aWright, Frank Lloyd, _d1867-1959 _9148530 |
| 830 | 0 |
_aGrandes maestros del siglo XX _9181649 |
|
| 852 |
_aES-MaACL _jL-31953 |
||
| 999 |
_c187842 _d187842 |
||